|
|
|
|
| LEADER |
00000nab a2200000 ar4500 |
| 001 |
vtls009156486 |
| 003 |
SK-MaSNL |
| 005 |
20260303064351.0 |
| 008 |
071106c2007 xo |||||||| 000 b|hun |
| 015 |
|
|
|a SNBRB2007/11
|2 snkbucl
|
| 038 |
|
|
|a SNKBUCL
|
| 040 |
|
|
|a DSZK
|b slo
|c DSZK
|e AACR2
|
| 041 |
0 |
|
|a hun
|
| 044 |
|
|
|a xo
|c SK
|
| 080 |
|
|
|a 821.511.141-93=511.141
|2 1997
|
| 080 |
|
|
|a 821.511.141-1(0.053.2)=511.141
|2 1997
|
| 100 |
1 |
|
|a Rákos, Sándor,
|d 1921-1999
|4 aut
|9 890549
|
| 245 |
1 |
0 |
|a Rákos Sándor versei
|c illusztrálta Fodor Katalin
|
| 300 |
|
|
|b Obr.
|
| 500 |
|
|
|a Blok obsahuje 3 básne
|
| 650 |
0 |
7 |
|a naratívne básne, maďarské
|2 snkbucl
|9 71242
|
| 700 |
1 |
|
|a Fodorová, Katarína,
|d 1959-2009
|4 ill
|
| 740 |
0 |
2 |
|a Nyár a hegyek között
|
| 740 |
0 |
2 |
|a Esővarázslás
|
| 740 |
0 |
2 |
|a Jóidő-hívogató varázsének
|
| 773 |
0 |
|
|t Tücsök
|g Évf. 18, sz. 1 (2007), o. 27
|
| 852 |
|
|
|a SNK
|b KIS3GCP
|
| 852 |
|
|
|a DSZK
|b KIS3GCP
|
| 958 |
|
|
|a HU
|
| 958 |
|
|
|a LX
|
| 958 |
|
|
|a DB
|
| 999 |
|
|
|c 1746839
|d 1748769
|